Podchwytliwe Pytania - Dla Kolegi Ignacego - Statystyki

Ogólne statystyki
  • Ten quiz został rozwiązany 1 862 razy
  • Średni wynik to 5 z 7
Statystyki odpowiedzi
Zagadnienie Odpowiedź % Poprawnych
Statek ma 50 łokci długości. Ile łokci ma kapitan? Dwa łokcie
98%
Który miesiąc ma 28 dni? Każdy
98%
Ile jest palców u dziesięciu rąk? 50
92%
Wchodzisz do ciemnego pokoju. Na stole stoją dwie lampy: naftowa i gazowa. Co najpierw zapalasz? Zapałkę
92%
Gdzie są rzeki suche? Na mapie
63%
Lekarz dał Kubie trzy tabletki i kazał brać co 30 minut. Ile trwała kuracja? 1h
30%
Ile lat ma Trzyletni Steven? Nie wiadomo
11%
Nie znaleziono quizów pasujących do podanych kryteriów
Rozkład punktacji
Procent ludzi z każdym wynikiem
Percentyl według liczby udzielonych odpowiedzi
Twoja historia wyników
Nie rozwiązałeś tego quizu